[Event "ARG-ch U18"]
[Site "Ibague"]
[Date "2024.03.17"]
[Round "7"]
[White "Ospina Aponte, Juan Stiven"]
[Black "Guevara Garcia, Miguel Angel"]
[Result "0-1"]
[WhiteElo "1600"]
[BlackElo "1618"]
[PlyCount "102"]
[EventDate "2024.03.14"]
[EventType "swiss"]
[EventRounds "7"]
[EventCountry "COL"]
[SourceTitle "CB12_2024"]
[SourceDate "2023.10.01"]
[SourceVersion "1"]
[SourceVersionDate "2023.10.01"]
[SourceQuality "1"]

1. e4 e6 2. d4 d5 3. Nc3 c5 4. exd5 exd5 5. Nf3 Nf6 6. Be3 c4 7. g3 Bb4 8. Bg2 0-0 9. 0-0 Bxc3 10. bxc3 Ne4 11. Bd2 Nd7 12. Re1 Re8 13. Ng5 Nxg5 14. Rxe8+ Qxe8 15. Bxg5 Nb6 16. Qd2 Be6 17. Re1 Qa4 18. Ra1 Re8 19. Be3 Bf5 20. Bf4 Bxc2 21. Bc7 Be4 22. Re1 Bxg2 23. Rxe8+ Qxe8 24. Kxg2 Nd7 25. Qg5 Nf6 26. Be5 h6 27. Qd2 Ne4 28. Qb2 b6 29. f3 Ng5 30. h4 Ne6 31. Kf2 f6 32. Bd6 Qd7 33. Qa3 Nd8 34. Bb4 a5 35. Bxa5 bxa5 36. Qxa5 Nf7 37. a4 Qb7 38. Qb5 Qxb5 39. axb5 Nd6 40. b6 Kf7 41. Ke3 Ke6 42. Kf4 g6 43. g4 g5+ 44. Kg3 Kd7 45. b7 Nxb7 46. hxg5 hxg5 47. f4 Kc6 48. Kf3 Kb5 49. Ke3 Ka4 50. fxg5 fxg5 51. Kd2 Kb3 0-1